000
00290nam a22001337a 4500
008
170526b xxu||||| |||| 00| 0 eng d
020
_a
0827327625
041
_a
eng
080
_2
6TH
_a
621.3
100
_a
25
101
_a
IM
245
_a
ELECTRICAL WIRING
_c
SMITH, R.L
942
_2
udc
_c
BK
999
_c
14426
_d
14426